Comunicaciones de la organización

保存先:
書誌詳細
主要な著者: Rodríguez Mansilla, Darío (著者), Opazo Bretón, María Pilar (著者)
フォーマット: 図書
言語:スペイン語
出版事項: Santiago, Chile Ediciones Universidad Católica de Chile 2007
版:Primera edición
シリーズ:Lecciones
主題:
オンライン・アクセス:Disponible Online
タグ: タグ追加
タグなし, このレコードへの初めてのタグを付けませんか!

MARC

LEADER 00000cam a2200000 a 4500
001 UCI3847
003 CL-VaPUC
005 20210607115950.0
008 071130e20070000CL |||||||||||||||||spa|d
999 |c 327906  |d 327904 
020 |a 9789561409453 
040 |c Pontificia Universidad Católica de Valparaíso 
082 0 4 |a 658.45 ROD 2007  |2 21 
100 0 |a Rodríguez Mansilla, Darío  |e author  |9 525386 
245 1 0 |a Comunicaciones de la organización 
250 |a Primera edición  
260 |a Santiago, Chile   |b Ediciones Universidad Católica de Chile  |c 2007 
300 |a 661 páginas  
440 |a Lecciones  |9 860914 
583 |a last modification  |c 20160531 12:43:14  |k Rodrigo Vera 
650 0 |a Comunicación organizacional   |2 CL-VaPUC  |9 312644 
650 0 |a Organización  |9 256369 
650 0 |a Relaciones humanas  |9 307340 
650 0 |a Sistemas de comunicación   |9 260934 
700 0 |a Opazo Bretón, María Pilar  |e author  |9 525387 
856 |u http://bibliografiadigital.pucv.cl.pucv.idm.oclc.org/index.php/bibliotecapucv/catalog/book/441  |y Disponible Online 
942 |c BK  |2 ddc 
945 |d 20071130 00:00:00  |a jtorresc 
952 |0 0  |1 0  |4 0  |6 658_450000000000000_ROD_2007  |7 0  |8 A  |9 411446  |a BIBENE  |b BIBENE  |d 2019-11-22  |i 4392965  |l 1  |o 658.45 ROD 2007  |p 4392965  |r 2025-01-15  |s 2024-08-23  |w 2019-11-22  |y BK  |k ICO 
952 |0 0  |1 0  |4 0  |6 658_450000000000000_ROD_2007  |7 0  |8 A  |9 411447  |a BIBCUR  |b BIBCUR  |d 2019-11-22  |i 4425928  |o 658.45 ROD 2007  |p 4425928  |r 2025-04-22  |w 2019-11-22  |y BK  |k PER 
952 |0 0  |1 0  |4 0  |6 658_450000000000000_ROD_2007  |7 0  |8 A  |9 411448  |a BIBEDU  |b BIBEDU  |d 2019-11-22  |i 4476360  |l 2  |o 658.45 ROD 2007  |p 4476360  |r 2022-10-05  |s 2022-09-22  |w 2019-11-22  |y BK  |k PSI 
952 |0 0  |1 0  |4 0  |6 658_450000000000000_ROD_2007  |7 0  |8 A  |9 411449  |a BIBCUR  |b BIBCUR  |d 2019-11-22  |i 4476379  |l 1  |o 658.45 ROD 2007  |p 4476379  |r 2025-04-22  |s 2022-07-06  |w 2019-11-22  |y BK  |k PER 
952 |0 0  |1 0  |4 0  |6 658_450000000000000_ROD_2007  |7 0  |8 A  |9 411450  |a BIBCUR  |b BIBCUR  |d 2019-11-22  |i 4670779  |o 658.45 ROD 2007  |p 4670779  |r 2025-04-22  |w 2019-11-22  |y BK  |k IDI 
952 |0 0  |1 0  |3 erb  |4 0  |6 658_450000000000000_ROD_2007  |7 0  |8 A  |9 411451  |a BIBCUR  |b BIBCUR  |i 5289475  |o 658.45 ROD 2007  |p 5289475  |r 2025-04-22  |w 2019-11-22  |y BK  |z Catalogado en:20160603  |k PER